Hermeneutics and the human sciencies: essays on language, action and interpretation /
Este libro trata sobre los recientes ensayos de Paul Ricoeur el cual presenta un punto de vista comprensivo de la filosofía hermenéutica, en relación con sus antecesores y sus consecuencias para las Ciencias Sociales. Este volumen consta de tres partes: La primera examina la historia de la hermenéut...
Sparad:
| Huvudupphovsman: | |
|---|---|
| Övriga upphovsmän: | |
| Materialtyp: | Text |
| Språk: | Spanish |
| Publicerad: |
París :
Cambridge University Press,
|
| Ämnen: | |
| Taggar: |
Lägg till en tagg
Inga taggar, Lägg till första taggen!
|
MARC
| LEADER | 00000 a a2200000 04500 | ||
|---|---|---|---|
| 001 | 39209 | ||
| 003 | cru CIDCACS/IIS | ||
| 005 | 20170525124748.0 | ||
| 008 | 170525b xxu||||| |||| 00| 0 spa d | ||
| 020 | |a 0-521-28002-8 | ||
| 040 | |c CIDCACS/IIS | ||
| 090 | |a 05.01.02 R541h | ||
| 100 | 1 | |a Ricoeur, Paul |9 4879 | |
| 245 | |a Hermeneutics and the human sciencies: |b essays on language, action and interpretation / |c Paul Ricoeur; editado y traducido por John B. Thompson | ||
| 260 | |a París : |b Cambridge University Press, | ||
| 300 | |a 314 páginas | ||
| 520 | |a Este libro trata sobre los recientes ensayos de Paul Ricoeur el cual presenta un punto de vista comprensivo de la filosofía hermenéutica, en relación con sus antecesores y sus consecuencias para las Ciencias Sociales. Este volumen consta de tres partes: La primera examina la historia de la hermenéutica y sus temas centrales. La segunda trata la actualidad de Ricoeur, la construcción de su posición. Un concepto del texto para la sistematización de la teoría del lenguaje y la interpretación. Y la tercera parte aborda las implicaciones de la teoría para los dominios de la sociología, psicoanálisis y la historia. | ||
| 590 | |a RRA/ENERO2011 | ||
| 650 | |a HERMENEUTICA | ||
| 650 | |a ANALISIS DE CONTENIDO | ||
| 650 | |a FILOSOFIA | ||
| 650 | |a TEORIA | ||
| 650 | |a CIENCIAS SOCIALES | ||
| 700 | 1 | |9 4880 |a Thompson, John B. | |
| 942 | |2 ddc |c LI | ||
| 999 | |c 17389 |d 17389 | ||



